[Event "Olympiad-29"]
[Site "Novi Sad"]
[Date "1990.11.30"]
[Round "12"]
[White "Hebert, Jean"]
[Black "Martin, Benjamin"]
[Result "1/2-1/2"]
[WhiteElo "2420"]
[BlackElo "2310"]
[PlyCount "32"]
[GameId "1195622211096576"]
[EventDate "1990.11.17"]
[EventType "team-swiss"]
[EventRounds "14"]
[EventCountry "YUG"]
[SourceTitle "EXT 2019"]
[Source "ChessBase"]
[SourceDate "2018.10.10"]
[SourceVersion "1"]
[SourceVersionDate "2018.10.10"]
[SourceQuality "1"]
[WhiteTeam "Canada"]
[BlackTeam "New Zealand"]
[WhiteTeamCountry "CAN"]
[BlackTeamCountry "NZL"]

1. Nf3 Nf6 2. c4 e6 3. Nc3 Bb4 4. g3 O-O 5. Bg2 c5 6. O-O Nc6 7. d4 d6 8. d5 Ne7 9. dxe6 Bxe6 10. Nb5 Bxc4 11. Nxd6 Bd5 12. Nb5 Qa5 13. a4 Rad8 14. Qc2 Be4 15. Qc4 Bd5 16. Qc2 Be4 1/2-1/2

[Event "New York Marshall/Enhance"]
[Site "New York"]
[Date "1994.??.??"]
[Round "4"]
[White "Hebert, Jean"]
[Black "Frias Pablaza, Victor J"]
[Result "1-0"]
[WhiteElo "2395"]
[BlackElo "2480"]
[PlyCount "67"]
[GameId "1166638332329984"]
[EventDate "1994.??.??"]
[EventType "tourn"]
[EventRounds "5"]
[EventCountry "USA"]
[SourceTitle "EXT 1997"]
[Source "ChessBase"]
[SourceDate "1996.11.15"]
[SourceVersion "1"]
[SourceVersionDate "1996.11.15"]
[SourceQuality "1"]

1. d4 Nf6 2. c4 e6 3. Nc3 Bb4 4. e3 d5 5. Nf3 O-O 6. Bd3 c5 7. O-O cxd4 8. exd4 dxc4 9. Bxc4 Nc6 10. Bg5 b6 11. Qa4 Bxc3 12. Bxf6 gxf6 13. Qxc6 Bd7 14. Qd6 Bxb2 15. Rab1 Bc3 16. Rfc1 Ba5 17. Bd3 Kh8 18. Rc7 Ba4 19. Qf4 f5 20. Ng5 Qf6 21. d5 b5 22. Rb7 h6 23. Ne4 Qg6 24. Nd6 Bc3 25. Rc1 e5 26. Qxf5 Qxf5 27. Bxf5 b4 28. Nxf7+ Kg7 29. Nd6+ Kh8 30. g4 Rad8 31. Nf7+ Rxf7 32. Rxf7 Rxd5 33. Rh7+ Kg8 34. Rxa7 1-0

[Event "New York Marshall/Enhance"]
[Site "New York"]
[Date "1994.??.??"]
[Round "4"]
[White "Hebert, Jean"]
[Black "Frias Pablaza, Victor J"]
[Result "1-0"]
[WhiteElo "2395"]
[BlackElo "2480"]
[PlyCount "115"]
[GameId "1166638332334080"]
[EventDate "1994.??.??"]
[EventType "tourn"]
[EventRounds "5"]
[EventCountry "USA"]
[SourceTitle "EXT 1997"]
[Source "ChessBase"]
[SourceDate "1996.11.15"]
[SourceVersion "1"]
[SourceVersionDate "1996.11.15"]
[SourceQuality "1"]

1. d4 Nf6 2. c4 e6 3. Nc3 Bb4 4. e3 O-O 5. Nge2 Re8 6. a3 Bf8 7. d5 d6 8. g3 c6 9. Bg2 cxd5 10. cxd5 e5 11. O-O a5 12. e4 Na6 13. b4 axb4 14. axb4 Bd7 15. Rb1 Qb8 16. b5 Nc5 17. h3 Rc8 18. Kh2 Be8 19. Be3 Nfd7 20. Rb4 Nb6 21. Qb1 Be7 22. Rd1 Bd8 23. h4 Nca4 24. Nxa4 Rxa4 25. Rxa4 Nxa4 26. b6 Bd7 27. Qb3 g6 28. Ra1 Nc5 29. Qb1 f5 30. f3 f4 31. gxf4 Bxh4 32. Ra5 Bf6 33. fxe5 Bxe5+ 34. f4 Bg7 35. Qd1 Bg4 36. Bxc5 dxc5 37. d6 Bxe2 38. Qd5+ Kh8 39. e5 Bh6 40. Qd2 Bg4 41. Kg3 Bd7 42. Ra7 Rf8 43. Rxb7 Qe8 44. Bd5 Bxf4+ 45. Qxf4 Rxf4 46. Kxf4 g5+ 47. Ke4 Qg6+ 48. Ke3 Qf5 49. Rxd7 Qxd7 50. b7 Qd8 51. Be6 Qb6 52. Bc8 c4+ 53. Ke4 Qc6+ 54. Kd4 Qb6+ 55. Kxc4 Kg7 56. d7 g4 57. d8=Q Qxd8 58. b8=Q 1-0

[Event "New York Murphy-ACF2"]
[Site "New York"]
[Date "1994.??.??"]
[Round "?"]
[White "Bonin, Jay R"]
[Black "Hebert, Jean"]
[Result "1/2-1/2"]
[WhiteElo "2380"]
[BlackElo "2395"]
[PlyCount "94"]
[GameId "1166638332407808"]
[EventDate "1994.??.??"]
[EventType "tourn"]
[EventRounds "3"]
[EventCountry "USA"]
[SourceTitle "EXT 1997"]
[Source "ChessBase"]
[SourceDate "1996.11.15"]
[SourceVersion "1"]
[SourceVersionDate "1996.11.15"]
[SourceQuality "1"]

1. Nf3 Nf6 2. c4 c5 3. g3 g6 4. Bg2 Bg7 5. O-O O-O 6. Nc3 Nc6 7. a3 d6 8. Rb1 a5 9. d3 Bg4 10. h3 Bd7 11. Be3 Ne8 12. Qd2 Nd4 13. b4 axb4 14. axb4 Bc6 15. bxc5 dxc5 16. Bh6 Nxf3+ 17. Bxf3 Bxh6 18. Qxh6 Bxf3 19. exf3 Nd6 20. g4 Ra3 21. Qc1 Qa5 22. Ra1 Rxa1 23. Qxa1 Ra8 24. Qxa5 Rxa5 25. Ne4 f5 26. Nxd6 exd6 27. Rb1 Ra3 28. Rxb7 Rxd3 29. Kg2 Rd4 30. Rd7 h6 31. Kg3 Kf8 32. f4 Ke8 33. Rg7 Rxc4 34. Rxg6 Rd4 35. Rxh6 c4 36. Rh7 d5 37. Rc7 Rd3+ 38. f3 fxg4 39. hxg4 Kd8 40. Rc5 Kd7 41. g5 Kd6 42. g6 Rd1 43. Kf2 Rd2+ 44. Ke3 Rg2 45. Kd4 Rd2+ 46. Ke3 Rg2 47. Kd4 Rd2+ 1/2-1/2

[Event "New York Murphy-ACF2"]
[Site "New York"]
[Date "1994.??.??"]
[Round "?"]
[White "Hebert, Jean"]
[Black "Fedorowicz, John P"]
[Result "0-1"]
[WhiteElo "2395"]
[BlackElo "2520"]
[PlyCount "90"]
[GameId "1166638332424192"]
[EventDate "1994.??.??"]
[EventType "tourn"]
[EventRounds "3"]
[EventCountry "USA"]
[SourceTitle "EXT 1997"]
[Source "ChessBase"]
[SourceDate "1996.11.15"]
[SourceVersion "1"]
[SourceVersionDate "1996.11.15"]
[SourceQuality "1"]

1. Nf3 Nf6 2. c4 g6 3. Nc3 d5 4. d4 Bg7 5. cxd5 Nxd5 6. e4 Nxc3 7. bxc3 c5 8. Rb1 O-O 9. Be2 cxd4 10. cxd4 b6 11. O-O Bb7 12. Qd3 Qd7 13. Qe3 Nc6 14. d5 Ne5 15. Bb5 Nxf3+ 16. Qxf3 Qc7 17. Ba3 Rfc8 18. Rfc1 Qd8 19. Qf4 a6 20. Bc4 b5 21. d6 e6 22. Bb3 Qd7 23. Qe3 a5 24. Bc5 b4 25. e5 Qc6 26. f3 Qb5 27. a4 Qd7 28. Bb6 Bc6 29. Ra1 Qb7 30. Bd4 Bd5 31. Rd1 Bxb3 32. Qxb3 Bh6 33. Ra2 Bg5 34. Raa1 Rc6 35. Qd3 Bd8 36. Qb5 Qxb5 37. axb5 Rc4 38. Be3 b3 39. b6 a4 40. d7 b2 41. Ra3 Bxb6 42. Kf1 Bxe3 43. d8=Q+ Rxd8 44. Rxd8+ Kg7 45. Rb8 Bc5 0-1

[Event "New York Murphy-ACF2"]
[Site "New York"]
[Date "1994.??.??"]
[Round "?"]
[White "Shamkovich, Leonid Alexandrovic"]
[Black "Hebert, Jean"]
[Result "0-1"]
[WhiteElo "2410"]
[BlackElo "2395"]
[PlyCount "116"]
[GameId "1166638332436480"]
[EventDate "1994.??.??"]
[EventType "tourn"]
[EventRounds "3"]
[EventCountry "USA"]
[SourceTitle "EXT 1997"]
[Source "ChessBase"]
[SourceDate "1996.11.15"]
[SourceVersion "1"]
[SourceVersionDate "1996.11.15"]
[SourceQuality "1"]

1. e4 e6 2. d4 d5 3. Nc3 Bb4 4. e5 Ne7 5. Nf3 c5 6. a3 Bxc3+ 7. bxc3 Nbc6 8. Bd3 Qa5 9. Bd2 c4 10. Be2 h6 11. a4 Bd7 12. Qc1 Rf8 13. Qa3 f6 14. O-O Qc7 15. exf6 Rxf6 16. a5 O-O-O 17. Ne5 Nxe5 18. Qxe7 Nf7 19. Bh5 Qd6 20. Qxd6 Nxd6 21. f3 Be8 22. Bxe8 Rxe8 23. Rfe1 Kd7 24. Rab1 Kc6 25. Re3 Nf5 26. Re5 g5 27. Rbe1 Nd6 28. Rb1 Rb8 29. Be1 Rg8 30. Bg3 g4 31. Rbe1 Kd7 32. fxg4 Rxg4 33. Rb1 Kc6 34. Rf1 Rxf1+ 35. Kxf1 Rg6 36. Bf4 Kb5 37. Rh5 Nf7 38. Bb8 a6 39. Bc7 Ka4 40. g3 Rf6+ 41. Ke2 Ka3 42. Be5 Nxe5 43. dxe5 Rg6 44. Rh4 Ka4 45. Rf4 Rg5 46. Rf7 Rxe5+ 47. Kd2 Kxa5 48. Rxb7 h5 49. h4 Ka4 50. Rb4+ Ka3 51. Rb1 Rf5 52. Rb6 a5 53. Rxe6 a4 54. Rg6 Kb2 55. Rb6+ Ka2 56. Ke2 a3 57. Rb5 Ka1 58. Ra5 Kb2 0-1

[Event "World op 22nd"]
[Site "Philadelphia"]
[Date "1994.07.02"]
[Round "5"]
[White "Hebert, Jean"]
[Black "Alexopoulos, Georgios"]
[Result "1/2-1/2"]
[WhiteElo "2395"]
[BlackElo "2260"]
[PlyCount "128"]
[GameId "1165542650073088"]
[EventDate "1994.06.??"]
[EventType "swiss"]
[EventRounds "9"]
[EventCountry "USA"]
[SourceTitle "EXT 2004"]
[Source "ChessBase"]
[SourceDate "2003.11.25"]
[SourceVersion "1"]
[SourceVersionDate "2003.11.25"]
[SourceQuality "1"]

1. d4 Nf6 2. c4 c6 3. Nf3 d5 4. Nc3 e6 5. e3 Nbd7 6. Bd3 dxc4 7. Bxc4 b5 8. Bd3 Bb7 9. O-O Rc8 10. Qe2 Be7 11. b3 O-O 12. Bb2 b4 13. Na4 c5 14. Ba6 Rc7 15. Bxb7 Rxb7 16. Qa6 Qc8 17. dxc5 Nxc5 18. Nxc5 Bxc5 19. Bxf6 gxf6 20. Nd2 Rd8 21. Nc4 Rbd7 22. Qa4 Rd3 23. Rac1 Qd7 24. Qa5 Rd5 25. Qa6 Qc8 26. Qxc8 Rxc8 27. Na5 f5 28. Rc4 Rc7 29. g3 Bd6 30. Rxc7 Bxc7 31. Nc4 Be5 32. Rc1 Bc3 33. Kf1 Kf8 34. Ke2 Ke7 35. a3 Kd7 36. f4 Ke7 37. Rc2 h5 38. axb4 Bxb4 39. Ne5 Bc5 40. b4 Bb6 41. Rc8 f6 42. Nc4 Rd8 43. Rc6 Kd7 44. Rd6+ Ke7 45. Rc6 Kd7 46. b5 Rb8 47. Rd6+ Ke7 48. Rc6 Kd7 49. Kd3 Bc7 50. Ra6 Rxb5 51. Rxa7 Rb1 52. Ra2 Rg1 53. Rf2 Kc6 54. Nd2 Ba5 55. Nf3 Rd1+ 56. Ke2 Ra1 57. Nd4+ Kd5 58. Kf3 Bc3 59. Nb5 Ba5 60. Nd4 Bc3 61. Nb5 Ba5 62. Kg2 Rb1 63. Nd4 Bc3 64. Nf3 Ke4 1/2-1/2

[Event "Cannes op"]
[Site "Cannes"]
[Date "1995.??.??"]
[Round "1"]
[White "Dorfman, Josif D"]
[Black "Hebert, Jean"]
[Result "1/2-1/2"]
[WhiteElo "2590"]
[BlackElo "2400"]
[PlyCount "133"]
[GameId "1166639059972096"]
[EventDate "1995.02.??"]
[EventType "swiss"]
[EventRounds "9"]
[EventCountry "FRA"]
[SourceTitle "CBM 046 Extra"]
[Source "ChessBase"]
[SourceDate "1995.07.01"]
[SourceVersion "1"]
[SourceVersionDate "1995.07.01"]
[SourceQuality "1"]

1. d4 Nf6 2. Nf3 e6 3. g3 b5 4. Qd3 b4 5. Bg2 Ba6 6. Qd1 d5 7. O-O Nbd7 8. a3 bxa3 9. b3 c6 10. Bxa3 Bxa3 11. Rxa3 Qb6 12. Nc3 O-O 13. Qa1 Bb7 14. b4 Rfe8 15. e3 Qc7 16. Ra5 Nb6 17. Ne5 Reb8 18. Na4 Nfd7 19. Nxd7 Nxd7 20. Qa3 Bc8 21. Ra1 Rb5 22. Nb2 Rxa5 23. Qxa5 Qxa5 24. Rxa5 Kf8 25. e4 Nf6 26. f3 Ke7 27. c3 Bb7 28. Nd3 Nd7 29. Kf2 Kd6 30. Nc1 Kc7 31. Nb3 Kb6 32. Bf1 Kc7 33. Bd3 Kb6 34. h4 h6 35. g4 g5 36. Kg3 f6 37. f4 gxf4+ 38. Kxf4 e5+ 39. Kf3 h5 40. exd5 hxg4+ 41. Kxg4 Rg8+ 42. Kh3 cxd5 43. Nc5 Nxc5 44. dxc5+ Kc6 45. Bb5+ Kc7 46. Rxa7 Kb8 47. Ra1 Bc8+ 48. Kh2 Rg4 49. h5 Rh4+ 50. Kg2 Rxh5 51. Bc6 Bb7 52. Bxb7 Kxb7 53. b5 Rh4 54. Rd1 Rc4 55. Rxd5 Rxc3 56. Kf2 Rb3 57. c6+ Kb6 58. Ke2 e4 59. Kd2 e3+ 60. Ke2 Kc7 61. Rc5 Kc8 62. Rh5 Kc7 63. Kf3 Kb6 64. Rf5 Kc7 65. Rc5 Kc8 66. Rf5 Kc7 67. Rxf6 1/2-1/2

[Event "Cannes op"]
[Site "Cannes"]
[Date "1995.??.??"]
[Round "6"]
[White "Hebert, Jean"]
[Black "Kalantaryan, Norayr"]
[Result "1-0"]
[WhiteElo "2400"]
[BlackElo "2460"]
[PlyCount "109"]
[GameId "1166639060922368"]
[EventDate "1995.02.??"]
[EventType "swiss"]
[EventRounds "9"]
[EventCountry "FRA"]
[SourceTitle "CBM 046 Extra"]
[Source "ChessBase"]
[SourceDate "1995.07.01"]
[SourceVersion "1"]
[SourceVersionDate "1995.07.01"]
[SourceQuality "1"]

1. c4 Nf6 2. Nc3 g6 3. e4 d6 4. d4 Bg7 5. Be2 O-O 6. Nf3 e5 7. Be3 Ng4 8. Bg5 f6 9. Bc1 Nc6 10. h3 Nh6 11. O-O Nf7 12. Be3 f5 13. dxe5 dxe5 14. Qxd8 Nfxd8 15. Nd5 Ne6 16. Ng5 Ncd4 17. Bd3 Nxg5 18. Bxg5 c6 19. Ne7+ Kh8 20. Nxc8 Rfxc8 21. exf5 gxf5 22. Rae1 e4 23. Bb1 Re8 24. Kh1 Ne6 25. Bc1 Nc5 26. b3 Rad8 27. Re2 Ne6 28. Ree1 Bc3 29. Rd1 Bd4 30. g4 Bxf2 31. Rxd8 Rxd8 32. gxf5 Nc5 33. Bg5 e3 34. Bxd8 e2 35. Kg2 exf1=Q+ 36. Kxf1 Bd4 37. Ke2 h6 38. Kf3 Kg7 39. b4 Nd7 40. Ke4 Bc3 41. b5 Nc5+ 42. Ke3 cxb5 43. cxb5 Be5 44. Be7 Na4 45. Bd3 Nc3 46. Bc4 a6 47. bxa6 bxa6 48. Kd3 Nd1 49. Bxa6 Nf2+ 50. Ke3 Nxh3 51. Bc4 Ng5 52. a4 Bc7 53. Kd4 Nf7 54. Kd5 Ne5 55. Ke6 1-0

[Event "Cannes op"]
[Site "Cannes"]
[Date "1995.??.??"]
[Round "8"]
[White "Mitkov, Nikola"]
[Black "Hebert, Jean"]
[Result "0-1"]
[WhiteElo "2475"]
[BlackElo "2400"]
[PlyCount "78"]
[GameId "1166639061323776"]
[EventDate "1995.02.??"]
[EventType "swiss"]
[EventRounds "9"]
[EventCountry "FRA"]
[SourceTitle "CBM 046 Extra"]
[Source "ChessBase"]
[SourceDate "1995.07.01"]
[SourceVersion "1"]
[SourceVersionDate "1995.07.01"]
[SourceQuality "1"]

1. e4 c6 2. d4 d5 3. f3 g6 4. c3 Bg7 5. Bf4 Nd7 6. e5 f6 7. exf6 Ngxf6 8. Bd3 O-O 9. Ne2 e5 10. Bg5 Qb6 11. Qb3 Nh5 12. Na3 exd4 13. Qxb6 axb6 14. cxd4 Nc5 15. Bc2 Re8 16. Kf2 Rxe2+ 17. Kxe2 Bxd4 18. Rab1 Ne6 19. Bc1 b5 20. b4 Bb6 21. Kd1 Nhf4 22. g3 Nh3 23. Rf1 Bg1 24. Kd2 Bxh2 25. Rh1 Nd4 26. Kc3 Ne2+ 27. Kd2 Nxc1 28. Rxh2 Rxa3 29. Kxc1 Rxf3 30. Rb3 Rxb3 31. Bxb3 Ng5 32. Re2 Kf7 33. Kd2 Be6 34. Ke3 Ne4 35. Rg2 h5 36. Bc2 Nf6 37. Kd4 g5 38. Ke5 Ke7 39. Bg6 Nd7+ 0-1

[Event "Paris op"]
[Site "Paris"]
[Date "1995.??.??"]
[Round "?"]
[White "Gofshtein, Leonid D"]
[Black "Hebert, Jean"]
[Result "1-0"]
[WhiteElo "2465"]
[BlackElo "2400"]
[PlyCount "83"]
[GameId "1166639085936640"]
[EventDate "1995.04.??"]
[EventType "swiss"]
[EventRounds "9"]
[EventCountry "FRA"]
[SourceTitle "EXT 1997"]
[Source "ChessBase"]
[SourceDate "1996.11.15"]
[SourceVersion "1"]
[SourceVersionDate "1996.11.15"]
[SourceQuality "1"]

1. e4 e6 2. d4 d5 3. Nc3 Bb4 4. e5 Ne7 5. a3 Bxc3+ 6. bxc3 c5 7. Qg4 O-O 8. Bd3 Nbc6 9. Bg5 Qc7 10. Nf3 Ng6 11. Be3 c4 12. Be2 f6 13. Qh5 Bd7 14. h4 Qa5 15. Kd2 Be8 16. exf6 gxf6 17. Qh6 Nd8 18. Kc1 Qxc3 19. Ra2 Qa5 20. Bd2 c3 21. Be1 Qc7 22. g3 Ne7 23. Qe3 Rc8 24. g4 Ng6 25. g5 fxg5 26. Nxg5 Nf4 27. Bf1 h6 28. Nf3 Bh5 29. Rg1+ Kh8 30. Ne5 Nc6 31. Nxc6 bxc6 32. Bxc3 Rf5 33. Rb2 Rg8 34. Rg3 Rg4 35. Ba6 Rxh4 36. Rb7 Qd8 37. Bd2 Rg4 38. Kb2 Qg8 39. Qc3 Rxg3 40. fxg3 Ne2 41. Bxe2 Bxe2 42. Qe3 1-0

[Event "Paris op"]
[Site "Paris"]
[Date "1995.??.??"]
[Round "?"]
[White "Hebert, Jean"]
[Black "Tseitlin, Mark D"]
[Result "0-1"]
[WhiteElo "2400"]
[BlackElo "2495"]
[PlyCount "68"]
[GameId "1166639086006272"]
[EventDate "1995.04.??"]
[EventType "swiss"]
[EventRounds "9"]
[EventCountry "FRA"]
[SourceTitle "EXT 1997"]
[Source "ChessBase"]
[SourceDate "1996.11.15"]
[SourceVersion "1"]
[SourceVersionDate "1996.11.15"]
[SourceQuality "1"]

1. c4 e5 2. Nc3 Nf6 3. Nf3 Nc6 4. g3 Bb4 5. Bg2 O-O 6. O-O Bxc3 7. bxc3 Re8 8. d3 e4 9. Ng5 exd3 10. exd3 d6 11. Rb1 Bg4 12. f3 Bc8 13. Ne4 Nxe4 14. fxe4 Ne5 15. d4 Bg4 16. Qb3 Nd7 17. Be3 Be6 18. Rf4 f6 19. Rd1 b6 20. Qa4 Nf8 21. Rf2 Bd7 22. Qb3 Rb8 23. c5+ Be6 24. Qc2 dxc5 25. dxc5 Qe7 26. Qa4 Nd7 27. Qxa7 Nxc5 28. e5 fxe5 29. Bc6 Rbd8 30. Rdf1 Nd3 31. Rf3 e4 32. Bxe8 Bg4 33. Rf4 Nxf4 34. Rxf4 Bf5 0-1

[Event "Metz op 13th"]
[Site "Metz"]
[Date "1995.??.??"]
[Round "3"]
[White "Hebert, Jean"]
[Black "Graf, Alexander"]
[Result "0-1"]
[WhiteElo "2400"]
[BlackElo "2605"]
[PlyCount "114"]
[GameId "1166639100133376"]
[EventDate "1995.05.??"]
[EventType "swiss"]
[EventRounds "9"]
[EventCountry "FRA"]
[SourceTitle "EXT 2001"]
[Source "ChessBase"]
[SourceDate "2000.11.22"]
[SourceVersion "1"]
[SourceVersionDate "2000.11.22"]
[SourceQuality "1"]

1. c4 e5 2. Nc3 Nc6 3. Nf3 f5 4. d4 e4 5. d5 exf3 6. dxc6 fxg2 7. cxd7+ Qxd7 8. Bxg2 c6 9. Qa4 Nf6 10. Bf4 Kf7 11. Rd1 Qe6 12. Rd3 Nd7 13. Qd1 Nc5 14. Rd4 Qg6 15. Rg1 Ne6 16. Be5 Nxd4 17. Bd5+ Ne6 18. Rxg6 hxg6 19. Bg2 Be7 20. Kf1 Rd8 21. Qb1 Bd7 22. b4 Rac8 23. c5 Nf8 24. e3 Be6 25. Bf3 Nd7 26. Bd4 b6 27. Na4 bxc5 28. Nxc5 Nxc5 29. bxc5 Rb8 30. Qc2 Rb4 31. Qc3 Rc4 32. Qa5 Rc2 33. Qxa7 Rxa2 34. Qc7 Rd7 35. Qg3 Ra6 36. h4 Bf6 37. Qf4 Bxd4 38. exd4 Ra4 39. h5 Raxd4 40. Qg3 gxh5 41. Bxh5+ Kf8 42. Qe5 Re4 43. Qb8+ Ke7 44. Qb2 Red4 45. Bf3 Bc4+ 46. Kg1 Bb5 47. Qa1 Rd8 48. Qa5 R4d7 49. Qc3 Kf8 50. Qe5 Rf7 51. Bh5 Rf6 52. Qc7 Ra8 53. Qe5 Kg8 54. Kg2 Kh7 55. Bf3 Rg6+ 56. Kh2 Ra4 57. Qe7 Rf4 0-1

[Event "Metz op 13th"]
[Site "Metz"]
[Date "1995.??.??"]
[Round "6"]
[White "Miles, Anthony John"]
[Black "Hebert, Jean"]
[Result "1-0"]
[WhiteElo "2615"]
[BlackElo "2400"]
[PlyCount "71"]
[GameId "1166639100416000"]
[EventDate "1995.05.??"]
[EventType "swiss"]
[EventRounds "9"]
[EventCountry "FRA"]
[SourceTitle "EXT 2001"]
[Source "ChessBase"]
[SourceDate "2000.11.22"]
[SourceVersion "1"]
[SourceVersionDate "2000.11.22"]
[SourceQuality "1"]

1. d4 Nf6 2. Nf3 e6 3. c4 b6 4. a3 Bb7 5. Nc3 Ne4 6. Nxe4 Bxe4 7. e3 g6 8. Bd3 Bxd3 9. Qxd3 Bg7 10. O-O O-O 11. e4 d6 12. Bg5 Qd7 13. Qe3 Nc6 14. Bh6 e5 15. d5 Nd4 16. Nxd4 exd4 17. Qd2 Bxh6 18. Qxh6 c5 19. f4 f6 20. f5 g5 21. h4 Qg7 22. hxg5 Qxg5 23. Qh2 Rf7 24. Qxd6 Qe3+ 25. Kh1 Qxe4 26. Rae1 Qh4+ 27. Kg1 Kh8 28. Qf4 Qxf4 29. Rxf4 b5 30. b4 cxb4 31. c5 bxa3 32. Rxd4 a5 33. d6 b4 34. d7 Kg7 35. c6 a2 36. c7 1-0

[Event "Metz op 13th"]
[Site "Metz"]
[Date "1995.??.??"]
[Round "8"]
[White "Munschi, Serge"]
[Black "Hebert, Jean"]
[Result "1/2-1/2"]
[WhiteElo "2250"]
[BlackElo "2400"]
[PlyCount "119"]
[GameId "1166639100571648"]
[EventDate "1995.05.??"]
[EventType "swiss"]
[EventRounds "9"]
[EventCountry "FRA"]
[SourceTitle "EXT 2001"]
[Source "ChessBase"]
[SourceDate "2000.11.22"]
[SourceVersion "1"]
[SourceVersionDate "2000.11.22"]
[SourceQuality "1"]

1. d4 Nf6 2. c4 e6 3. Nf3 c5 4. d5 b5 5. Bg5 bxc4 6. Nc3 d6 7. e4 e5 8. Bxc4 Be7 9. h3 O-O 10. Be3 Nbd7 11. Nd2 Ne8 12. O-O g6 13. a3 Bg5 14. Qe2 Ng7 15. Bxg5 Qxg5 16. b4 Nh5 17. Nf3 Qe7 18. Qe3 Nb6 19. Bb5 cxb4 20. axb4 Nf4 21. Ne2 f5 22. exf5 Nbxd5 23. Qb3 Kh8 24. Nxf4 Nxf4 25. Bc6 Rb8 26. fxg6 Qg7 27. Qe3 Rb6 28. b5 Nxg6 29. Kh2 d5 30. Bxd5 Nf4 31. Qxe5 Qxe5 32. Nxe5 Nxd5 33. Rxa7 Be6 34. Ra6 Bg8 35. Nd7 Rxa6 36. bxa6 Ra8 37. Ra1 Nc7 38. a7 Nb5 39. Ra5 Rxa7 40. Rxa7 Nxa7 41. Ne5 Kg7 42. Ng4 Nc6 43. Ne3 Nd4 44. Kg3 Ne2+ 45. Kf3 Nc3 46. Kf4 Nd5+ 47. Nxd5 Bxd5 48. g3 Kf6 49. Kg4 Bf7 50. f4 Bc4 51. Kh5 Kg7 52. g4 Bf1 53. Kh4 Kf6 54. Kh5 Kg7 55. Kh4 Bb5 56. Kh5 Be8+ 57. Kg5 Bc6 58. Kh5 Bg2 59. Kh4 Bf1 60. Kg3 1/2-1/2

[Event "Cappelle op 12th"]
[Site "Cappelle la Grande"]
[Date "1996.??.??"]
[Round "8"]
[White "Kharitonov, Andrei Y"]
[Black "Hebert, Jean"]
[Result "1/2-1/2"]
[WhiteElo "2560"]
[BlackElo "2435"]
[PlyCount "63"]
[GameId "1166639708155904"]
[EventDate "1996.02.??"]
[EventType "swiss"]
[EventRounds "9"]
[EventCountry "FRA"]
[SourceTitle "CBM 051 Extra"]
[Source "ChessBase"]
[SourceDate "1996.05.01"]
[SourceVersion "1"]
[SourceVersionDate "1996.05.01"]
[SourceQuality "1"]

1. Nf3 Nf6 2. c4 e6 3. Nc3 Bb4 4. Qc2 c5 5. e3 d5 6. Na4 b6 7. a3 Ba5 8. cxd5 Nxd5 9. Bb5+ Bd7 10. Be2 O-O 11. O-O Nc6 12. d4 cxd4 13. b4 Rc8 14. Qd1 dxe3 15. Bxe3 b5 16. Nc5 Bb6 17. Nxd7 Qxd7 18. Bxb6 axb6 19. Bxb5 Qd6 20. Rc1 Nce7 21. Qd2 Ra8 22. Qb2 Ra7 23. Rfd1 Rfa8 24. Ne5 Rc7 25. Rxc7 Qxc7 26. Rc1 Qa7 27. a4 Qb8 28. g3 Qd6 29. Nc4 Qd8 30. Ne5 Qd6 31. Nc4 Qd8 32. Ne5 1/2-1/2

[Event "World op 24th"]
[Site "Philadelphia"]
[Date "1996.??.??"]
[Round "?"]
[White "Hebert, Jean"]
[Black "Estay Torreblanca, Oscar"]
[Result "1-0"]
[WhiteElo "2435"]
[BlackElo "2275"]
[PlyCount "157"]
[GameId "1166639672233984"]
[EventDate "1996.06.29"]
[EventType "swiss"]
[EventRounds "9"]
[EventCountry "USA"]
[SourceTitle "EXT 2001"]
[Source "ChessBase"]
[SourceDate "2000.11.22"]
[SourceVersion "1"]
[SourceVersionDate "2000.11.22"]
[SourceQuality "1"]

1. Nf3 Nf6 2. c4 g6 3. Nc3 Bg7 4. e4 d6 5. d4 O-O 6. Be2 e5 7. O-O Nc6 8. d5 Ne7 9. b4 Nh5 10. Re1 Nf4 11. Bf1 f5 12. Bxf4 exf4 13. e5 a5 14. Qb3 axb4 15. Qxb4 c5 16. Qb3 dxe5 17. Nxe5 g5 18. Rad1 Ng6 19. Nxg6 hxg6 20. d6 Bd7 21. Nd5 Ba4 22. Ne7+ Kh7 23. Qh3+ Bh6 24. Rd5 Rf6 25. Bd3 Qa5 26. Rde5 Raf8 27. Nd5 R6f7 28. Nc7 Bd7 29. Bb1 Qd2 30. Qd3 Qxd3 31. Bxd3 Bg7 32. Rxc5 b6 33. Rd5 Bc6 34. Ne6 Bxd5 35. cxd5 Rd7 36. Bb5 Rxd6 37. Nxf8+ Bxf8 38. Bc6 Rd8 39. a4 Kg7 40. Kf1 Bc5 41. Rc1 Bd6 42. Rb1 Bc5 43. Rb5 Bd4 44. Rb4 Bc5 45. Rc4 Bd6 46. h3 Rc8 47. f3 Rc7 48. Rc2 Re7 49. Bb5 Rc7 50. Bc6 Re7 51. Rb2 Bc5 52. Rb5 Ra7 53. d6 Bxd6 54. Rxb6 Bc5 55. Rb2 Re7 56. Rb5 Bd4 57. a5 Ra7 58. Bb7 Kh6 59. a6 Kh5 60. Rd5 Be3 61. Rd7 Kh6 62. Ke2 Bc5 63. Kd3 g4 64. hxg4 fxg4 65. fxg4 Be3 66. Rd5 Bc1 67. Ke4 Be3 68. Kf3 Bc1 69. Rc5 Bd2 70. Rc2 Be3 71. Rc4 Bd2 72. Rxf4 Bc1 73. Rc4 Bd2 74. Rc5 Bg5 75. Ke4 Bd2 76. Rd5 Be1 77. Kd3 Bh4 78. Kc4 Bf2 79. Kb5 1-0

[Event "World op 24th"]
[Site "Philadelphia"]
[Date "1996.??.??"]
[Round "?"]
[White "Suarez, J."]
[Black "Hebert, Jean"]
[Result "0-1"]
[WhiteElo "2240"]
[BlackElo "2435"]
[PlyCount "66"]
[GameId "1166639673167872"]
[EventDate "1996.06.29"]
[EventType "swiss"]
[EventRounds "9"]
[EventCountry "USA"]
[SourceTitle "EXT 2001"]
[Source "ChessBase"]
[SourceDate "2000.11.22"]
[SourceVersion "1"]
[SourceVersionDate "2000.11.22"]
[SourceQuality "1"]

1. d4 Nf6 2. c4 e6 3. Nc3 Bb4 4. e3 c5 5. Bd3 Nc6 6. Nge2 cxd4 7. exd4 d5 8. O-O dxc4 9. Bxc4 O-O 10. Qd3 h6 11. Rd1 Bd6 12. a3 Ne7 13. Bb3 Bd7 14. Bc2 Rc8 15. Ng3 Ng6 16. Nge4 Nxe4 17. Nxe4 Bxh2+ 18. Kxh2 Qc7+ 19. Kg1 Qxc2 20. Nd6 Qxd3 21. Rxd3 Rb8 22. Be3 Bc6 23. d5 Bxd5 24. Bxa7 Ra8 25. Bc5 Bxg2 26. f3 Rfd8 27. Rb3 b6 28. Rxb6 Bxf3 29. Rf1 Bd5 30. Nxf7 Rdc8 31. b4 Rxa3 32. Nd6 Rca8 33. Nb5 Rh3 0-1

[Event "Olympiad-32"]
[Site "Yerevan"]
[Date "1996.09.17"]
[Round "2.3"]
[White "Zagorskis, Darius"]
[Black "Hebert, Jean"]
[Result "1/2-1/2"]
[WhiteElo "2520"]
[BlackElo "2435"]
[PlyCount "51"]
[GameId "1166639837290496"]
[EventDate "1996.09.15"]
[EventType "team-swiss"]
[EventRounds "14"]
[EventCountry "ARM"]
[SourceTitle "CBM 055"]
[Source "ChessBase"]
[SourceDate "1996.12.01"]
[SourceVersion "1"]
[SourceVersionDate "1996.12.01"]
[SourceQuality "1"]
[WhiteTeam "Lithuania"]
[BlackTeam "Canada"]
[WhiteTeamCountry "LTU"]
[BlackTeamCountry "CAN"]

1. d4 Nf6 2. c4 e6 3. Nc3 Bb4 4. e3 c5 5. Nge2 d5 6. a3 Bxc3+ 7. Nxc3 cxd4 8. exd4 dxc4 9. Bxc4 Nc6 10. Be3 O-O 11. O-O h6 12. Rc1 Ne7 13. Bf4 Bd7 14. Be5 Ng6 15. Bd3 Bc6 16. Bxg6 fxg6 17. Re1 Qd7 18. f3 Qf7 19. b4 a6 20. a4 Rac8 21. b5 axb5 22. axb5 Bd5 23. Qd2 Kh7 24. h3 Qd7 25. b6 Rc6 26. Bc7 1/2-1/2